000
00283nam a22001217a 4500
020
_a
9788176222044
082
_a
635
_b
REY/MA
100
_a
Reynolds, P.A
245
_a
Maintenance of horticultural equipments
260
_a
Delhi
_b
Biotech Books
_c
2009
300
_a
184 p
942
_c
BK
999
_c
13744
_d
13744